[Event "Wch Rapid"]
[Site "Berlin"]
[Date "2015.10.11"]
[Round "7"]
[White "Berend, Elvira S"]
[Black "Cuenca Jimenez, Jose Fernando"]
[Result "1-0"]
[WhiteElo "2370"]
[BlackElo "2516"]
[PlyCount "91"]
[EventDate "2015.10.10"]
[EventType "swiss (rapid)"]
[EventRounds "15"]
[EventCountry "GER"]
[SourceTitle "CBM 168 Extra"]
[Source "ChessBase"]
[SourceDate "2015.10.29"]
[SourceVersion "1"]
[SourceVersionDate "2015.10.29"]
[SourceQuality "1"]

1. d4 Nf6 2. c4 c5 3. d5 b5 4. cxb5 a6 5. b6 d6 6. Nc3 Nbd7 7. e4 g6 8. Nf3 Bg7
9. Be2 O-O 10. O-O Rb8 11. Qc2 Nxb6 12. h3 Ne8 13. Bf4 Nc7 14. Rad1 Bd7 15. a4
Qe8 16. Ra1 Bxc3 17. bxc3 Bxa4 18. Qd2 f6 19. c4 Qc8 20. Qa5 Bd7 21. Rfb1 Nba8
22. Nd2 Rb7 23. Bh6 Re8 24. f4 Rxb1+ 25. Rxb1 Bxh3 26. f5 Bxf5 27. exf5 Qxf5
28. Be3 e6 29. Bf3 exd5 30. Bf2 dxc4 31. Bxa8 Nxa8 32. Qxa6 d5 33. Qc6 Qe6 34.
Qxc5 Rc8 35. Qd4 c3 36. Nb3 Qe4 37. Rc1 Qe5 38. Qd3 d4 39. Bxd4 Qe6 40. Nc5 Qd5
41. Ne4 Kf7 42. Nxc3 Qc4 43. Qe3 Re8 44. Qf2 Qe6 45. Ne4 Rd8 46. Ng5+ 1-0

[Event "Wch Rapid"]
[Site "Berlin"]
[Date "2015.10.11"]
[Round "8"]
[White "Cuenca Jimenez, Jose Fernando"]
[Black "Cordeiro, Marco Aurelio Zaror"]
[Result "1/2-1/2"]
[WhiteElo "2516"]
[BlackElo "2228"]
[PlyCount "105"]
[EventDate "2015.10.10"]
[EventType "swiss (rapid)"]
[EventRounds "15"]
[EventCountry "GER"]
[SourceTitle "CBM 168 Extra"]
[Source "ChessBase"]
[SourceDate "2015.10.29"]
[SourceVersion "1"]
[SourceVersionDate "2015.10.29"]
[SourceQuality "1"]

1. e4 Nf6 2. e5 Nd5 3. d4 d6 4. c4 Nb6 5. exd6 exd6 6. Nc3 Be7 7. Bd3 c6 8.
Nge2 d5 9. c5 N6d7 10. O-O b6 11. cxb6 axb6 12. Re1 O-O 13. Bc2 Nf6 14. Ng3 Re8
15. Bg5 h6 16. Be3 Bg4 17. Qd3 Na6 18. a3 Nc7 19. h3 Be6 20. Nh5 g6 21. Nxf6+
Bxf6 22. Qd2 Bg5 23. f4 Bh4 24. Rf1 f5 25. Bf2 Bf6 26. Rac1 Qd6 27. Rfe1 Bd7
28. Re5 Bxe5 29. dxe5 Qe7 30. Bxb6 Ne6 31. Be3 Reb8 32. Bb1 Be8 33. Ne2 Qb7 34.
Nd4 Bd7 35. Nxe6 Bxe6 36. Bd4 Ra4 37. Kh2 Rc4 38. Bc3 c5 39. b3 Rxc3 40. Qxc3
Qxb3 41. Qxc5 Rc8 42. Qd6 Rxc1 43. Qxe6+ Kh7 44. Qf7+ Kh8 45. Qf8+ Kh7 46. Qf7+
Kh8 47. e6 Qe3 48. Qf6+ Kh7 49. Qe7+ Kh8 50. Qf8+ Kh7 51. Qf7+ Kh8 52. Qf6+ Kh7
53. Qf7+ 1/2-1/2

[Event "Wch Rapid"]
[Site "Berlin"]
[Date "2015.10.11"]
[Round "9"]
[White "Cuenca Jimenez, Jose Fernando"]
[Black "Lagunow, Raphael"]
[Result "1-0"]
[WhiteElo "2516"]
[BlackElo "2164"]
[PlyCount "119"]
[EventDate "2015.10.10"]
[EventType "swiss (rapid)"]
[EventRounds "15"]
[EventCountry "GER"]
[SourceTitle "CBM 168 Extra"]
[Source "ChessBase"]
[SourceDate "2015.10.29"]
[SourceVersion "1"]
[SourceVersionDate "2015.10.29"]
[SourceQuality "1"]

1. Nf3 c5 2. c4 Nc6 3. d4 cxd4 4. Nxd4 g6 5. e4 Bg7 6. Be3 Nf6 7. Nc3 d6 8. Be2
O-O 9. O-O Nd7 10. Rc1 Nc5 11. f3 a5 12. Ndb5 Be6 13. Qd2 a4 14. Nd5 Qa5 15.
Nxe7+ Nxe7 16. Qxd6 Nc6 17. Qxc5 Bxb2 18. Rcd1 Rfd8 19. a3 Bf6 20. Kh1 Ra6 21.
Bf2 Rxd1 22. Rxd1 Ne5 23. Nc7 Qxc5 24. Bxc5 Rc6 25. Nxe6 fxe6 26. Bd4 Kf7 27.
c5 Nd7 28. Bb5 Rc7 29. Bxf6 Nxf6 30. Rc1 Nd7 31. Bxa4 Rxc5 32. Rxc5 Nxc5 33.
Bc2 e5 34. Kg1 Ke7 35. Kf2 Ne6 36. Ke3 Kd6 37. g3 g5 38. Kd3 Kc5 39. Kc3 Nd4
40. Bd1 Nb5+ 41. Kb3 Kd4 42. Kb4 Nd6 43. h3 b6 44. a4 Ke3 45. Kc3 Kf2 46. h4
gxh4 47. gxh4 Kg3 48. h5 Kh4 49. Kd3 Nf7 50. Kc4 Kxh5 51. f4+ Kg6 52. f5+ Kf6
53. Kb5 Nd6+ 54. Kxb6 Ke7 55. a5 Nxe4 56. a6 Nd6 57. Kc7 Ne8+ 58. Kc6 Kd8 59.
a7 Nc7 60. f6 1-0

[Event "Wch Rapid"]
[Site "Berlin"]
[Date "2015.10.11"]
[Round "10"]
[White "Milanovic, Danilo"]
[Black "Cuenca Jimenez, Jose Fernando"]
[Result "1-0"]
[WhiteElo "2469"]
[BlackElo "2516"]
[PlyCount "81"]
[EventDate "2015.10.10"]
[EventType "swiss (rapid)"]
[EventRounds "15"]
[EventCountry "GER"]
[SourceTitle "CBM 168 Extra"]
[Source "ChessBase"]
[SourceDate "2015.10.29"]
[SourceVersion "1"]
[SourceVersionDate "2015.10.29"]
[SourceQuality "1"]

1. d4 Nf6 2. c4 g6 3. Nc3 Bg7 4. e4 d6 5. Nge2 O-O 6. Ng3 e5 7. d5 a5 8. Be2
Na6 9. h4 c6 10. h5 cxd5 11. cxd5 Bd7 12. Be3 Rc8 13. a3 Qe8 14. h6 Bh8 15. Qb3
Nc5 16. Qb6 Qd8 17. Qxd6 b6 18. Bg5 Re8 19. a4 Nb7 20. Qa3 Nc5 21. O-O Qc7 22.
Rac1 Qd6 23. Bb5 Bxb5 24. Nxb5 Qd7 25. f3 Qe7 26. Rfd1 Red8 27. Nf1 Rd7 28. Ne3
Qe8 29. Nc4 Ncxe4 30. fxe4 Nxe4 31. Be3 Qd8 32. Nxb6 Rb8 33. Nxd7 Qxd7 34. Qd3
Qg4 35. Rc4 f5 36. d6 Bf6 37. d7 Rd8 38. Qd5+ Kh8 39. Rf1 Qe2 40. Rxe4 fxe4 41.
Bg5 1-0

[Event "Wch Rapid"]
[Site "Berlin"]
[Date "2015.10.12"]
[Round "11"]
[White "Cuenca Jimenez, Jose Fernando"]
[Black "Valdes Romero, Leonardo"]
[Result "1-0"]
[WhiteElo "2516"]
[BlackElo "2362"]
[PlyCount "151"]
[EventDate "2015.10.10"]
[EventType "swiss (rapid)"]
[EventRounds "15"]
[EventCountry "GER"]
[SourceTitle "CBM 168 Extra"]
[Source "ChessBase"]
[SourceDate "2015.10.29"]
[SourceVersion "1"]
[SourceVersionDate "2015.10.29"]
[SourceQuality "1"]

1. e4 d6 2. d4 Nf6 3. Nc3 g6 4. f4 Bg7 5. Nf3 c5 6. Bb5+ Bd7 7. e5 Ng4 8. Bxd7+
Qxd7 9. h3 cxd4 10. Qxd4 Nc6 11. Qe4 Nh6 12. g4 O-O-O 13. Qe2 dxe5 14. fxe5 Qe6
15. Bd2 f6 16. O-O-O Nf7 17. Rhe1 Nfxe5 18. Nxe5 Nxe5 19. Bf4 Rxd1+ 20. Rxd1
Rd8 21. Rxd8+ Kxd8 22. Bxe5 Bh6+ 23. Kb1 Qxe5 24. Qxe5 fxe5 25. Ne4 Bf4 26. c4
Kc7 27. Kc2 Kc6 28. b4 a6 29. a4 b6 30. b5+ axb5 31. axb5+ Kc7 32. Kd3 Bh2 33.
c5 bxc5 34. Nxc5 Bg1 35. Ne4 Kd7 36. Kc4 Bd4 37. Kd5 e6+ 38. Kc4 h6 39. Kb4 Bb6
40. Kc4 Bd4 41. Kd3 Kc7 42. Nd2 Kd6 43. Ke4 Kc5 44. Nf3 Kxb5 45. Nxe5 Ba1 46.
Nxg6 Kc5 47. Nf4 Kd6 48. Nd3 Bc3 49. Nf2 Ke7 50. Kd3 Bb2 51. Ne4 Kf7 52. Ke3
Kg6 53. h4 h5 54. g5 Be5 55. Kf3 Bb2 56. Nc5 Kf5 57. Ne4 Kg6 58. Kf4 Bd4 59.
Nd2 Bb2 60. Nf3 Bc3 61. Ne5+ Kg7 62. Nf3 Kg6 63. Ke4 Kg7 64. Kd3 Bb2 65. Nd4
Kf7 66. Ne2 Be5 67. Ke4 Bh2 68. Kf3 e5 69. Kg2 Bf4 70. Nxf4 exf4 71. Kf3 Ke7
72. Kxf4 Ke6 73. Ke4 Kf7 74. Ke5 Kg6 75. Ke6 Kg7 76. Kf5 1-0

[Event "Wch Rapid"]
[Site "Berlin"]
[Date "2015.10.12"]
[Round "12"]
[White "Ben Artzi, Ido"]
[Black "Cuenca Jimenez, Jose Fernando"]
[Result "0-1"]
[WhiteElo "2419"]
[BlackElo "2516"]
[PlyCount "90"]
[EventDate "2015.10.10"]
[EventType "swiss (rapid)"]
[EventRounds "15"]
[EventCountry "GER"]
[SourceTitle "CBM 168 Extra"]
[Source "ChessBase"]
[SourceDate "2015.10.29"]
[SourceVersion "1"]
[SourceVersionDate "2015.10.29"]
[SourceQuality "1"]

1. d4 Nf6 2. c4 g6 3. Nc3 Bg7 4. e4 d6 5. f3 O-O 6. Be3 c5 7. Nge2 Nc6 8. d5
Ne5 9. Ng3 h5 10. Be2 h4 11. Nf1 e6 12. Nd2 exd5 13. cxd5 h3 14. g3 a6 15. a4
Bd7 16. O-O b5 17. axb5 axb5 18. Rxa8 Qxa8 19. Bxb5 Qb7 20. Qe2 Rb8 21. Bxd7
Qxd7 22. b3 Ne8 23. Nd1 Nc7 24. Nf2 Nb5 25. Rc1 f5 26. exf5 Qxf5 27. g4 Qf7 28.
f4 Qxd5 29. Nde4 Nf7 30. Qc4 Qa8 31. Qe6 d5 32. Nf6+ Bxf6 33. Qxf6 d4 34. Qxg6+
Kf8 35. Nxh3 Qf3 36. Bf2 Qxh3 37. Rxc5 Nc3 38. Qe6 Re8 39. Rc8 Ne2+ 40. Qxe2
Rxc8 41. Qd1 d3 42. Bg3 Rc2 43. Bf2 Re2 44. g5 Qg4+ 45. Bg3 Rg2+ 0-1

[Event "Wch Rapid"]
[Site "Berlin"]
[Date "2015.10.12"]
[Round "13"]
[White "Cuenca Jimenez, Jose Fernando"]
[Black "Papin, Vasily"]
[Result "1-0"]
[WhiteElo "2516"]
[BlackElo "2502"]
[PlyCount "75"]
[EventDate "2015.10.10"]
[EventType "swiss (rapid)"]
[EventRounds "15"]
[EventCountry "GER"]
[SourceTitle "CBM 168 Extra"]
[Source "ChessBase"]
[SourceDate "2015.10.29"]
[SourceVersion "1"]
[SourceVersionDate "2015.10.29"]
[SourceQuality "1"]

1. Nf3 c5 2. c4 Nc6 3. d4 cxd4 4. Nxd4 f5 5. Nc3 g6 6. e3 Bg7 7. Be2 Nh6 8. O-O
O-O 9. c5 Kh8 10. Rb1 Nxd4 11. exd4 d6 12. cxd6 Qxd6 13. Nb5 Qb8 14. Bg5 a6 15.
Na3 Be6 16. d5 Bf7 17. Bxe7 Re8 18. d6 Bxa2 19. Rc1 Be6 20. Rc7 Rc8 21. Qc2
Rxc7 22. dxc7 Qe8 23. Bb4 Bd5 24. Rd1 Be4 25. Bd3 Rc8 26. Bxe4 fxe4 27. Ba5 Nf7
28. Nc4 Qe7 29. Ne3 Be5 30. Nd5 Qe6 31. Bc3 Kg8 32. Bxe5 Qxe5 33. Qc5 Kg7 34.
Rc1 e3 35. fxe3 Re8 36. Nb6 Qf6 37. c8=Q Rxc8 38. Nxc8 1-0

[Event "Wch Rapid"]
[Site "Berlin"]
[Date "2015.10.12"]
[Round "14"]
[White "Bologan, Viktor"]
[Black "Cuenca Jimenez, Jose Fernando"]
[Result "1-0"]
[WhiteElo "2607"]
[BlackElo "2516"]
[PlyCount "67"]
[EventDate "2015.10.10"]
[EventType "swiss (rapid)"]
[EventRounds "15"]
[EventCountry "GER"]
[SourceTitle "CBM 168 Extra"]
[Source "ChessBase"]
[SourceDate "2015.10.29"]
[SourceVersion "1"]
[SourceVersionDate "2015.10.29"]
[SourceQuality "1"]

1. e4 d6 2. d4 Nf6 3. Bd3 e5 4. c3 d5 5. dxe5 Nxe4 6. Nf3 Nc6 7. Nbd2 Nc5 8.
Bb1 Bg4 9. b4 Ne6 10. Qa4 Qd7 11. b5 Nb4 12. cxb4 Nf4 13. Rg1 Be7 14. Nd4 f6
15. N2f3 Ne6 16. Bf5 Bxf5 17. Nxf5 O-O 18. Bd2 a6 19. Qb3 Kh8 20. Nxe7 Qxe7 21.
bxa6 bxa6 22. Qxd5 Rad8 23. Qc4 fxe5 24. O-O-O c5 25. Rge1 Rc8 26. Kb1 cxb4 27.
Qb3 Nc5 28. Bxb4 e4 29. Qa3 Qb7 30. Ka1 exf3 31. Bxc5 Rf7 32. gxf3 Rxf3 33. Re7
Qc6 34. Qb2 1-0

[Event "Wch Rapid"]
[Site "Berlin"]
[Date "2015.10.12"]
[Round "15"]
[White "Guliyev, Namig"]
[Black "Cuenca Jimenez, Jose Fernando"]
[Result "0-1"]
[WhiteElo "2579"]
[BlackElo "2516"]
[PlyCount "40"]
[EventDate "2015.10.10"]
[EventType "swiss (rapid)"]
[EventRounds "15"]
[EventCountry "GER"]
[SourceTitle "CBM 168 Extra"]
[Source "ChessBase"]
[SourceDate "2015.10.29"]
[SourceVersion "1"]
[SourceVersionDate "2015.10.29"]
[SourceQuality "1"]

1. e4 e5 2. Nf3 Nc6 3. Bb5 Nf6 4. O-O Nxe4 5. Re1 Nd6 6. Nxe5 Be7 7. Nf3 Nxb5
8. c4 Nbd4 9. Nxd4 Nxd4 10. Qg4 Ne6 11. d4 d5 12. cxd5 Qxd5 13. Nc3 Qxd4 14.
Re4 Qd3 15. Be3 O-O 16. Rd1 f5 17. Qh5 Qc2 18. Re5 f4 19. Nd5 Bd6 20. Rc1 Qg6
0-1

[Event "SWE-chT 1516"]
[Site "Sweden"]
[Date "2015.11.06"]
[Round "1.4"]
[White "Cuenca Jimenez, Jose Fernando"]
[Black "Bergstrom, Peter"]
[Result "1-0"]
[WhiteElo "2516"]
[BlackElo "2278"]
[PlyCount "61"]
[EventDate "2015.11.06"]
[EventType "team-tourn"]
[EventRounds "9"]
[EventCountry "SWE"]
[SourceTitle "CBM 169 Extra"]
[Source "ChessBase"]
[SourceDate "2015.12.18"]
[SourceVersion "1"]
[SourceVersionDate "2015.12.18"]
[SourceQuality "1"]
[WhiteTeam "Lunds"]
[BlackTeam "Vasteras"]
[WhiteTeamCountry "SWE"]
[BlackTeamCountry "SWE"]

1. Nf3 Nf6 2. c4 c6 3. d4 d5 4. Qb3 dxc4 5. Qxc4 Bf5 6. g3 h6 7. Bg2 e6 8. O-O
Nbd7 9. Nc3 Be7 10. Re1 Ne4 11. Qb3 Qb6 12. Nh4 Qxb3 13. axb3 Bxh4 14. gxh4
Ndf6 15. f3 Nxc3 16. bxc3 Bc2 17. Ra3 a5 18. e4 a4 19. bxa4 Rxa4 20. Rxa4 Bxa4
21. Bf1 Bb5 22. c4 Ba6 23. Bf4 O-O 24. Kf2 Nd7 25. Rb1 Re8 26. Bd6 e5 27. d5
Rc8 28. Bh3 cxd5 29. exd5 Rd8 30. Bc7 Rc8 31. d6 1-0

[Event "SWE-chT 1516"]
[Site "Sweden"]
[Date "2015.11.07"]
[Round "2.3"]
[White "Backlund, Anders"]
[Black "Cuenca Jimenez, Jose Fernando"]
[Result "1/2-1/2"]
[WhiteElo "2263"]
[BlackElo "2516"]
[PlyCount "68"]
[EventDate "2015.11.06"]
[EventType "team-tourn"]
[EventRounds "9"]
[EventCountry "SWE"]
[SourceTitle "CBM 169 Extra"]
[Source "ChessBase"]
[SourceDate "2015.12.18"]
[SourceVersion "1"]
[SourceVersionDate "2015.12.18"]
[SourceQuality "1"]
[WhiteTeam "Kungstornet"]
[BlackTeam "Lunds"]
[WhiteTeamCountry "SWE"]
[BlackTeamCountry "SWE"]

1. e4 e5 2. Nf3 Nc6 3. Nc3 g6 4. d4 exd4 5. Nxd4 Bg7 6. Be3 Nf6 7. Qd2 O-O 8.
O-O-O Re8 9. f3 d5 10. Bb5 Bd7 11. exd5 Nxd4 12. Bxd4 Bxb5 13. Nxb5 Qxd5 14.
Nc3 Qc6 15. Rhe1 Rad8 16. Rxe8+ Rxe8 17. Kb1 Rd8 18. Qe1 Re8 19. Qd2 a6 20. a3
h5 21. h3 b5 22. Qd3 Rd8 23. Qe2 Re8 24. Qd3 Rb8 25. g4 Rd8 26. Qe2 hxg4 27.
hxg4 Re8 28. Qd3 Qe6 29. g5 Nh5 30. Bxg7 Kxg7 31. Ne4 Qe5 32. Qd7 Re7 33. Qc8
Qe6 34. Qd8 Qe5 1/2-1/2

[Event "SWE-chT 1516"]
[Site "Sweden"]
[Date "2015.11.08"]
[Round "3.3"]
[White "Ernst, Thomas"]
[Black "Cuenca Jimenez, Jose Fernando"]
[Result "1/2-1/2"]
[WhiteElo "2347"]
[BlackElo "2516"]
[PlyCount "88"]
[EventDate "2015.11.06"]
[EventType "team-tourn"]
[EventRounds "9"]
[EventCountry "SWE"]
[SourceTitle "CBM 169 Extra"]
[Source "ChessBase"]
[SourceDate "2015.12.18"]
[SourceVersion "1"]
[SourceVersionDate "2015.12.18"]
[SourceQuality "1"]
[WhiteTeam "Farsta"]
[BlackTeam "Lunds"]
[WhiteTeamCountry "SWE"]
[BlackTeamCountry "SWE"]

1. e4 d6 2. d4 Nf6 3. Nc3 e5 4. dxe5 dxe5 5. Qxd8+ Kxd8 6. Bg5 Be7 7. Nf3 Nbd7
8. Bc4 Rf8 9. O-O-O Ne8 10. Bxe7+ Kxe7 11. a3 c6 12. Rd2 f6 13. Rhd1 Nb6 14.
Bb3 Nc7 15. h3 Ne6 16. Bxe6 Bxe6 17. b3 a5 18. a4 Nd7 19. Ne1 h5 20. Nd3 g5 21.
f3 Rab8 22. Kb2 Rfc8 23. Nc1 Rc7 24. N1e2 Nc5 25. Ng3 h4 26. Nf1 Rd7 27. Rxd7+
Nxd7 28. Ne3 Nc5 29. Rd2 Rd8 30. Rxd8 Kxd8 31. Kc1 Kc7 32. Kd2 Nd7 33. Nf5 Nf8
34. Nd1 Ng6 35. Nfe3 Nf4 36. Nf2 b5 37. Nd3 Kd6 38. axb5 Nxd3 39. Kxd3 cxb5 40.
Kc3 Kc5 41. Ng4 Bxg4 42. hxg4 b4+ 43. Kd3 Kb5 44. c3 bxc3 1/2-1/2

[Event "SWE-chT 1516"]
[Site "Sweden"]
[Date "2016.02.28"]
[Round "5.2"]
[White "Cuenca Jimenez, Jose Fernando"]
[Black "Gdanski, Jacek"]
[Result "1-0"]
[WhiteElo "2516"]
[BlackElo "2492"]
[PlyCount "117"]
[EventDate "2015.11.06"]
[EventType "team-tourn"]
[EventRounds "9"]
[EventCountry "SWE"]
[SourceTitle "EXT 2017"]
[Source "ChessBase"]
[SourceDate "2016.10.25"]
[SourceVersion "1"]
[SourceVersionDate "2016.10.25"]
[SourceQuality "1"]
[WhiteTeam "Lunds"]
[BlackTeam "Eksjo"]
[WhiteTeamCountry "SWE"]
[BlackTeamCountry "SWE"]

1. Nf3 c5 2. c4 g6 3. e4 Nc6 4. d4 cxd4 5. Nxd4 Nf6 6. Nc3 d6 7. Be2 Nxd4 8.
Qxd4 Bg7 9. Be3 O-O 10. Qd2 Be6 11. Rc1 a6 12. b3 Qa5 13. f3 Rfc8 14. Na4 Qxd2+
15. Kxd2 Nd7 16. g4 f5 17. gxf5 gxf5 18. Rhg1 Kf7 19. Bd3 Ne5 20. Rxg7+ Kxg7
21. Bd4 Kf7 22. Bxe5 fxe4 23. fxe4 dxe5 24. Nb6 Rab8 25. Nxc8 Rxc8 26. c5 a5
27. Bb5 Bd7 28. Bxd7 Rd8 29. Rf1+ Kg6 30. Rf5 Rxd7+ 31. Kc3 Rd1 32. Rxe5 Kf6
33. Rh5 Rc1+ 34. Kd2 Ra1 35. a4 Rb1 36. Kc2 Re1 37. Kd3 Rd1+ 38. Kc4 Rc1+ 39.
Kb5 Rc3 40. Rxh7 Ke6 41. Kxa5 Rxb3 42. Rh6+ Kd7 43. Rb6 Rh3 44. Rxb7+ Kc6 45.
Rxe7 Rxh2 46. Kb4 Rb2+ 47. Kc4 Rc2+ 48. Kd4 Rd2+ 49. Ke5 Rc2 50. Re6+ Kxc5 51.
a5 Kb5 52. a6 Rc8 53. Kd5 Rc5+ 54. Kd6 Rc6+ 55. Kd7 Rc4 56. e5 Re4 57. Re8 Rd4+
58. Ke7 Kxa6 59. Rb8 1-0

[Event "SWE-chT 1516"]
[Site "Sweden"]
[Date "2016.02.27"]
[Round "6.1"]
[White "Welin, Mats Erik Thomas"]
[Black "Cuenca Jimenez, Jose Fernando"]
[Result "0-1"]
[WhiteElo "2328"]
[BlackElo "2516"]
[PlyCount "50"]
[EventDate "2015.11.06"]
[EventType "team-tourn"]
[EventRounds "9"]
[EventCountry "SWE"]
[SourceTitle "EXT 2017"]
[Source "ChessBase"]
[SourceDate "2016.10.25"]
[SourceVersion "1"]
[SourceVersionDate "2016.10.25"]
[SourceQuality "1"]
[WhiteTeam "Manhem"]
[BlackTeam "Lunds"]
[WhiteTeamCountry "SWE"]
[BlackTeamCountry "SWE"]

1. e4 e6 2. d4 d5 3. Nc3 Nf6 4. e5 Nfd7 5. f4 c5 6. Nf3 Nc6 7. Be3 Qb6 8. Na4
Qc7 9. dxc5 Qa5+ 10. c3 b5 11. cxb6 axb6 12. b3 b5 13. Nb2 Qxc3+ 14. Qd2 Bb4
15. Kd1 Qxb3+ 16. Qc2 Qxe3 17. Qxc6 Qa3 18. Rc1 O-O 19. Nd3 Be7 20. Rc2 Qa7 21.
Kc1 Nb6 22. Qc7 Qa3+ 23. Kb1 Nc4 24. Nd4 Ra7 25. Qc6 Bd7 0-1

[Event "SWE-chT 1516"]
[Site "Sweden"]
[Date "2016.03.18"]
[Round "7.2"]
[White "Hammer, Jon Ludvig"]
[Black "Cuenca Jimenez, Jose Fernando"]
[Result "1-0"]
[WhiteElo "2682"]
[BlackElo "2516"]
[PlyCount "111"]
[EventDate "2015.11.06"]
[EventType "team-tourn"]
[EventRounds "9"]
[EventCountry "SWE"]
[SourceTitle "EXT 2017"]
[Source "ChessBase"]
[SourceDate "2016.10.25"]
[SourceVersion "1"]
[SourceVersionDate "2016.10.25"]
[SourceQuality "1"]
[WhiteTeam "Stockholm Rockaden"]
[BlackTeam "Lunds"]
[WhiteTeamCountry "SWE"]
[BlackTeamCountry "SWE"]

1. Nf3 Nf6 2. g3 g6 3. c4 Bg7 4. Bg2 O-O 5. Nc3 d6 6. d4 Nc6 7. O-O a6 8. Bf4
Rb8 9. Rc1 h6 10. h3 g5 11. Bd2 e5 12. d5 Ne7 13. e4 b5 14. cxb5 axb5 15. Re1
Bd7 16. b3 c6 17. dxc6 Bxc6 18. h4 g4 19. Nh2 Qd7 20. h5 b4 21. Na4 Qe6 22. Nb2
d5 23. exd5 Bxd5 24. Bf4 Nxh5 25. Bxe5 Bxe5 26. Bxd5 Nxd5 27. Nxg4 Bxb2 28.
Rxe6 fxe6 29. Nxh6+ Kg7 30. Rc6 Rf6 31. Ng4 Rg6 32. Qe2 Bc3 33. Rxc3 bxc3 34.
Qe5+ Nhf6 35. Nxf6 Rxf6 36. Qxb8 Rf5 37. a3 Kf6 38. Kf1 Re5 39. Qh8+ Kf5 40.
Qh7+ Kf6 41. f4 Re3 42. Kf2 e5 43. Qb7 c2 44. Qc6+ Kg7 45. Qxc2 e4 46. Qc6 Rd3
47. Qd7+ Kf6 48. Qd8+ Kf7 49. Qd7+ Kf6 50. Qe8 Nc3 51. Qe5+ Kf7 52. f5 e3+ 53.
Kf3 e2+ 54. Kf2 Kf8 55. f6 Nd5 56. Kxe2 1-0

[Event "SWE-chT 1516"]
[Site "Sweden"]
[Date "2016.03.19"]
[Round "8.1"]
[White "Cuenca Jimenez, Jose Fernando"]
[Black "Fries Nielsen, Jens Ove"]
[Result "1-0"]
[WhiteElo "2516"]
[BlackElo "2405"]
[PlyCount "93"]
[EventDate "2015.11.06"]
[EventType "team-tourn"]
[EventRounds "9"]
[EventCountry "SWE"]
[SourceTitle "EXT 2017"]
[Source "ChessBase"]
[SourceDate "2016.10.25"]
[SourceVersion "1"]
[SourceVersionDate "2016.10.25"]
[SourceQuality "1"]
[WhiteTeam "Lunds"]
[BlackTeam "Burgsvik Alva"]
[WhiteTeamCountry "SWE"]
[BlackTeamCountry "SWE"]

1. e4 g6 2. d4 Bg7 3. Nc3 Nc6 4. Nf3 d6 5. Be3 a6 6. h3 Nf6 7. Qd2 b5 8. Bd3
Bb7 9. a4 b4 10. Ne2 d5 11. exd5 Nxd5 12. Bh6 Bxh6 13. Qxh6 Qd6 14. O-O O-O-O
15. Ng5 f5 16. Nf7 Qf6 17. Nxh8 Qxh8 18. c4 bxc3 19. bxc3 e5 20. Rfd1 e4 21.
Bc4 Na5 22. Ba2 Qf6 23. Rab1 Nb6 24. Nf4 Qe7 25. Be6+ Kb8 26. h4 Qd6 27. Rdc1
Re8 28. Bf7 Rf8 29. Ba2 Re8 30. h5 e3 31. f3 Ka7 32. hxg6 Nbc4 33. Re1 hxg6 34.
Qxg6 Qd8 35. Rxb7+ Kxb7 36. Ne6 Qc8 37. Nc5+ Ka7 38. Qf7 Nd6 39. Qd5 Qb8 40.
Ne6 Qb2 41. Qc5+ Qb6 42. Nxc7 Rb8 43. Rxe3 Qxc5 44. dxc5 Ndb7 45. Re5 Rc8 46.
Ne6 f4 47. Rf5 1-0

[Event "SWE-chT 1516"]
[Site "Sweden"]
[Date "2016.03.20"]
[Round "9.2"]
[White "Agrest, Evgenij"]
[Black "Cuenca Jimenez, Jose Fernando"]
[Result "1/2-1/2"]
[WhiteElo "2596"]
[BlackElo "2516"]
[PlyCount "29"]
[EventDate "2015.11.06"]
[EventType "team-tourn"]
[EventRounds "9"]
[EventCountry "SWE"]
[SourceTitle "EXT 2017"]
[Source "ChessBase"]
[SourceDate "2016.10.25"]
[SourceVersion "1"]
[SourceVersionDate "2016.10.25"]
[SourceQuality "1"]
[WhiteTeam "Stockholm Viking"]
[BlackTeam "Lunds"]
[WhiteTeamCountry "SWE"]
[BlackTeamCountry "SWE"]

1. d4 Nf6 2. Bf4 d5 3. e3 e6 4. Nf3 c5 5. Nbd2 Nc6 6. c3 Bd6 7. Bg3 O-O 8. Bd3
b6 9. Ne5 Bb7 10. Qe2 Qc7 11. f4 Ne7 12. Qf3 Nf5 13. Bf2 Be7 14. Qh3 Ne4 15. g4
1/2-1/2

[Event "Roquetas de Mar op 27th"]
[Site "Roquetas de Mar"]
[Date "2016.01.02"]
[Round "1"]
[White "Cuenca Jimenez, Jose Fernando"]
[Black "Amate Tortosa, Bernardo"]
[Result "1-0"]
[WhiteElo "2514"]
[BlackElo "2122"]
[PlyCount "47"]
[EventDate "2016.01.02"]
[EventType "swiss"]
[EventRounds "9"]
[EventCountry "ESP"]
[SourceTitle "CBM 170 Extra"]
[Source "ChessBase"]
[SourceDate "2016.02.25"]
[SourceVersion "1"]
[SourceVersionDate "2016.02.25"]
[SourceQuality "1"]

1. Nf3 d6 2. d4 g6 3. c4 Bg7 4. g3 Nf6 5. Bg2 O-O 6. O-O Nc6 7. Nc3 a6 8. Bf4
Rb8 9. Rc1 b5 10. Nd5 bxc4 11. Nxf6+ Bxf6 12. Rxc4 Na5 13. Ra4 c5 14. dxc5 Bd7
15. b4 Bxa4 16. Qxa4 Nc4 17. Qxa6 Rxb4 18. a3 Nxa3 19. Qxa3 dxc5 20. Ne5 g5 21.
Nc6 Qb6 22. Be3 Rb5 23. Qd3 Rc8 24. Na7 1-0

[Event "Roquetas de Mar op 27th"]
[Site "Roquetas de Mar"]
[Date "2016.01.03"]
[Round "2"]
[White "Arias Igual, Alejandro"]
[Black "Cuenca Jimenez, Jose Fernando"]
[Result "0-1"]
[WhiteElo "2292"]
[BlackElo "2514"]
[PlyCount "62"]
[EventDate "2016.01.02"]
[EventType "swiss"]
[EventRounds "9"]
[EventCountry "ESP"]
[SourceTitle "CBM 170 Extra"]
[Source "ChessBase"]
[SourceDate "2016.02.25"]
[SourceVersion "1"]
[SourceVersionDate "2016.02.25"]
[SourceQuality "1"]

1. d4 Nf6 2. c4 g6 3. Nc3 Bg7 4. e4 d6 5. f3 O-O 6. Be3 c5 7. Nge2 Nc6 8. d5
Ne5 9. Ng3 h5 10. Be2 h4 11. Nf1 e6 12. Nd2 exd5 13. cxd5 h3 14. g4 Bxg4 15.
fxg4 Nfxg4 16. Bf4 Bh6 17. Be3 Bg7 18. Bf4 Bh6 19. Bxe5 Nxe5 20. Nf3 Nxf3+ 21.
Bxf3 Qh4+ 22. Ke2 f5 23. Rf1 Rae8 24. Kd3 b5 25. Qe2 b4 26. Rg1 Kh7 27. Qe1 Qf6
28. Nb5 a6 29. Nxd6 Qxd6 30. Qg3 fxe4+ 31. Bxe4 c4+ 0-1

[Event "Roquetas de Mar op 27th"]
[Site "Roquetas de Mar"]
[Date "2016.01.03"]
[Round "3"]
[White "Cuenca Jimenez, Jose Fernando"]
[Black "Camacho Collados, Jose"]
[Result "1-0"]
[WhiteElo "2514"]
[BlackElo "2376"]
[PlyCount "67"]
[EventDate "2016.01.02"]
[EventType "swiss"]
[EventRounds "9"]
[EventCountry "ESP"]
[SourceTitle "CBM 170 Extra"]
[Source "ChessBase"]
[SourceDate "2016.02.25"]
[SourceVersion "1"]
[SourceVersionDate "2016.02.25"]
[SourceQuality "1"]

1. d4 Nf6 2. c4 b6 3. Nc3 Bb7 4. Qc2 g6 5. e4 d6 6. Nf3 Bg7 7. Be2 O-O 8. O-O
e6 9. Be3 Re8 10. Rad1 Qe7 11. a3 a5 12. Rfe1 Na6 13. Nd2 e5 14. d5 Bc8 15. Rb1
Qf8 16. b4 Bh6 17. Nf1 Ng4 18. Bxg4 Bxg4 19. Qd2 Bxe3 20. Nxe3 Bd7 21. Ne2 f5
22. exf5 gxf5 23. f4 exf4 24. Nxf4 Re4 25. Ne6 Bxe6 26. dxe6 Re8 27. Nd5 R8xe6
28. Rxe4 fxe4 29. Rf1 Qg7 30. Qf4 axb4 31. Qf5 Qh6 32. Qf7+ Kh8 33. Nf6 Rxf6
34. Rxf6 1-0